1237 1164 1738 1880 1119 1428 1490 1906 1717 1067 1552 1392 1945 1669 1967 1531 1202 1255 1649 1711 1827 1943 1298 1574 1394 1315 1101 1258 1798 1555 1576 1969 1782 1718 1358 1197 1566 1503 1989 1881 1718 1328 1904 1866 1513 1466 1506 1867 1658 1717 1011 1201 1054 1443 1781 1425 1519 1318 1338 1123 1604 1941 1023 1397 1391 1697 1029 1981 1603 1126 1746 1884 1303 1687 1385 1494 1399 1099 1241 1104 1612 1035 1700 1724 1439 1687 1402 1450 1772 1347 1947 1147 1276 1769 1744 1150 1674 1997 1201 BCNSPRNW ULIB Ver.6.0+V

เปลี่ยนเป็นภาษาไทย

Change to English
 แสดงรายละเอียดบรรณานุกรม
  กลับหน้าหลัก

Brief Record : Get Marc (ISO 2709) : E-mail record : QR code < ปิดหน้าต่าง
LEADER : 00000nas 2200000uu 4500
001    13399120111
003     ULIB
008    020711s|||| th a 000 0 tha d
022    16856740
110    มหาวิทยาลัยบูรพา
245    วิทยาการวิจัยและวิทยาการปัญญา /^cมหาวิทยาลัยบูรพา
260    ชลบุรี :^bมหาวิทยาลัยบูรพา,^cม.ป.ป.
310    ^aราย 6 เดือน
850 ^a ULIB^bฉบับที่ 2 ปีที่ 15 ฉ.1 ;ฉบับที่ 2 ปีที่ 8 ;ฉบับที่ 1 ปีที่ 9 ;ฉบับที่ 2 ปีที่ 9 ;ฉบับที่ 1 ปีที่ 15 ฉ.1
945    ^p0^l0^i905026
945    ^p0^l0^i900668
945    ^p0^l0^i900669
945    ^p0^l0^i900670
945    ^p0^l0^i904653
999    ^aวรรณษา ชูชัยมงคล
รายการนี้ยังไม่มีแท็ก
คุณยังไม่ได้ล็อกอิน คุณสามารถมีกิจกรรมร่วมกับเว็บไซต์ได้ แต่ต้องล็อกอินก่อน ::
  ล็อกอิน

รายการสื่อสารสนเทศ (วารสาร)

ดูแบบ: กล่อง รายการ
ARRIVED
ฉบับที่ 2 ปีที่ 8
สถานที่: ห้องสมุดวิทยาเขตสวรรค์ประชารักษ์ >วารสาร
ARRIVED
ฉบับที่ 1 ปีที่ 9
สถานที่: ห้องสมุดวิทยาเขตสวรรค์ประชารักษ์ >วารสาร
ARRIVED
ฉบับที่ 2 ปีที่ 9
สถานที่: ห้องสมุดวิทยาเขตสวรรค์ประชารักษ์ >วารสาร
ARRIVED
ฉบับที่ 1 ปีที่ 15 ฉ.1
สถานที่: ห้องสมุดวิทยาเขตสวรรค์ประชารักษ์ >หนังสือพิมพ์
ARRIVED
ฉบับที่ 2 ปีที่ 15 ฉ.1
สถานที่: ห้องสมุดวิทยาเขตสวรรค์ประชารักษ์ >วารสาร

BibComment


ยังไม่เคยถูกคอมเมนท์

คอมเมนท์ทรัพยากรรายการนี้
  คอมเมนท์: วิทยาการวิจัยและว..


 Copyright 2026. Bcnsprnw @Library